000 00473nam a2200169Ia 4500
999 _c45
_d45
003 OSt
005 20201224123701.0
008 190216s9999||||xx |||||||||||||| ||und||
040 _coclc
082 _a297.1225
_bALI/T
100 _aAli, Abdullah Yusuf
_97782
245 4 _aThe Holy Qur'an /
_cAbdullah Yusuf Ali
260 _bIndian Open University Books,
300 _a1863p
650 _aArabic
942 _cBK
_2ddc
_h297.1225
_iALI/T
_k297.1225
_mALI/T